000 00310nam a2200133Ia 4500
082 _a611
_bA 1993P
100 _aSHALYA,SUBHASH
245 _aANATOMY & PHYSIOLOGY FOR NURSES
250 _a16TH
260 _bJAYPEE MEDICAL PUBLISHER
_aNEW DELHI
_c1993
300 _a1-41O
650 _aANATOMY
942 _2ddc
_cBK
999 _c2611
_d2611